000 00373nam a22001697a 4500
003 UA-OsUOA
001 948
007 ta
008 20050721b un ||||| |||| 00| 0 ukr d
100 _aCunningham
700 _aSarah
942 _cBK
040 _aUA-OsUOA
_cUA-OsUOA
_dUA-OsUOA
245 _aMaking Headway Intermediate.
_bEnglish Practice
955 _a2
650 7 _2UDC
999 _c287110
_d287110